Представление документа в формате RUSMARC

ПолеНазваниеЗначение
  Тип записи a
  Библиографический уровень m
001 Контрольный номер RU/IS/BASE/395924860
005 Дата корректировки 20201206204832.8
010 Индекс ISBN __
a ISBN 978-5-4248-0020-7
d Цена 181-28
100 Данные общей обработки __
a Данные общей обработки 19020605d2002 |||y1rusy0189 ca
101 Язык документа 0_
a Язык текста rus
102 Страна публикации __
a Страна публикации RU
105 Кодированные данные (монография) __
a Кодированные данные (монография) zy
200 Заглавие и сведения об ответственности 1_
a Заглавие Межотраслевые правила по охране труда при погрузочно-разгрузочных работах и размещении грузов
e Сведения, относящиеся к заглавию ПОТ Р М-007-98 : введ. с 01.06.98 : утв. М-вом труда и соц. развития РФ от 20.03.1998 г. № 16
b Общее обозначение материала Текст
210 Выходные данные __
a Место издания М.
c Издательство ЭНАС
d Дата издания 2012
215 Физическое описание __
a Объем 231, [1] с.
c Иллюстрации/тип воспроизводства ил.
225 Серия __
a Серия Охрана труда и безопасность
330 Аннотация __
a Аннотация Требования настоящих Правил устанавливают минимально допустимый уровень безопасности труда и являются обязательными для предприятий, учреждений и организаций независимо от формы собственности, сферы хозяйственной деятельности и ведомственной принадлежности.
606 Тематические рубрики __
a Основная рубрика Экономика
a Основная рубрика Экономика труда
y Географическая подрубрика РФ; Россия; Российская Федерация
610 Ключевые слова __
a Ключевые слова охрана труда; погрузочно-разгрузочные работы; транспортирование грузов; безопасность труда; грузы; транспортировка грузов; требования безопасности
686 Индексы других классификаций __
a Классификационный индекс 65.246(2Рос)
801 Источник записи _0
a Страна RU
b Организация Муниципальное бюджетное учреждение культуры "Централизованная библиотечная система" г. Сургут (Центральная городская библиотека им. А. С. Пушкина)
c Дата составления 20020605
g Правила каталогизации КиК/Котельникова
801 Источник записи _1
a Страна RU
b Организация Муниципальное бюджетное учреждение культуры "Централизованная библиотечная система" г. Сургут (Центральная городская библиотека им. А. С. Пушкина)
c Дата составления 20020605
g Правила каталогизации КиК/Котельникова
852 Данные о местонахождении __
j Шифр хранения 65.246(2Рос)
i Авторский знак М 43
901 Тип документа __
t Тип документа m
903 Характеристики (МАРС) __
a Дата передачи 20120718
990 Данные о заказе (DOS) __
j Количество экземпляров (DOS) 2
h N записи в КСУ для Б/У (DOS) 201207